000 00303nam a22001337a 4500
008 170606b xxu||||| |||| 00| 0 eng d
020 _a9780452011472
041 _aeng
080 _23RD
_a94
100 _a18
101 _aSHH
245 _aTHE LIVING U.S. CONSTITUTION
_cPADOVER,SK
942 _2udc
_cBK
999 _c16064
_d16064